Inside dBASE IV

Bibliographic Details
Main Author: Lima, Tony
Format: Book
Language:English
Published: Reading, Massachusetts : Addison-Wesley , 1989
Subjects:

MARC

LEADER 00000cam a2200000 7i4500
001 0000000020
005 20230511.0
008 991122 mau eng
020 |a 0201166836 (phk) 
040 |a INS 
090 0 0 |a QA76.9.D3   |b .L563 1989 
100 1 |a Lima, Tony 
245 1 0 |a Inside dBASE IV   |c Tony Lima 
260 |a Reading, Massachusetts :   |b Addison-Wesley ,   |c 1989 
300 |a xvi, 370 p. :   |b ill. ;   |c 24 cm. 
500 |a Includes index 
650 0 |a Computers 
650 0 |a dBase IV (Computer program) 
999 |a 0000004504   |b BOOK   |c Open Shelf   |e Default branch